书目信息 |
| 题名: |
你认识这些字吗?
|
|
| 作者: | 枚子君 编写 | |
| 分册: | ||
| 出版信息: | 南宁 广西人民出版社 1982.10 |
|
| 页数: | 149页 | |
| 开本: | 19cm | |
| 丛书名: | ||
| 单 册: | ||
| 中图分类: | H116.1 | |
| 科图分类: | ||
| 主题词: | 汉语--语音 , 汉语--音韵学 | |
| 电子资源: | ||
| ISBN: | ||
| 000 | 00645nam0 2200253 45 | |
| 001 | 0184012001 | |
| 005 | 20060819105035.67 | |
| 010 | @dCNY0.43 | |
| 091 | @a9113.4 | |
| 100 | @a19960215d1982 em y0chiy0121 ea | |
| 101 | 0 | @achi |
| 102 | @aCN@b450000 | |
| 105 | @ay z 000yy | |
| 200 | 10 | @a你认识这些字吗?@Ani ren shi zhe xie zi ma@f枚子君编写 |
| 205 | @a4版 | |
| 210 | @a南宁@c广西人民出版社@d1982.10 | |
| 215 | @a149页@d19cm | |
| 300 | @a语文知识小品 | |
| 606 | 0 | @a汉语@x语音 |
| 606 | 0 | @a汉语@x音韵学 |
| 690 | @aH116.1 | |
| 701 | 0 | @a枚子君@Amei zi jun@4编写 |
| 801 | 0 | @aCN@bNLC@c20060819 |
| 905 | @f4@b172732-735@dH116.1@e44 | |
| 你认识这些字吗?/枚子君编写.-4版.-南宁:广西人民出版社,1982.10 |
| 149页;19cm |
| 语文知识小品 |
| ISBN :CNY0.43 |
| ● |
| 相关链接 |
|
|
|
|
正题名:你认识这些字吗?
索取号:H116.1/44
 
预约/预借
| 序号 | 登录号 | 条形码 | 馆藏地/架位号 | 状态 | 备注 |
| 1 | 0172732 | 000831764 | 第四借阅区/ [索取号:H116.1/44] | 在馆 | |
| 2 | 0172733 | 000831791 | 第四借阅区/ [索取号:H116.1/44] | 在馆 | |
| 3 | 0172734 | 000831782 | 第四借阅区/ [索取号:H116.1/44] | 在馆 | |
| 4 | 0172735 | 000831755 | 第四借阅区/ [索取号:H116.1/44] | 在馆 | |
| 5 | 0172736 | 000831808 | 第二样本阅览室/ [索取号:H116.1/44] | 在馆 | |
| 6 | 0436481 | 204364810 | 密集书库/ [索取号:H116.1/44] | 在馆 | |
| 7 | 0450859 | 204508595 | 密集书库/ [索取号:H116.1/44] | 在馆 | |
| 8 | 0466864 | 204668644 | 密集书库/ [索取号:H116.1/44] | 在馆 |